[Event "Cto. FACV Ind. Segunda Valencia 2014"]
[Site "Valencia ESP"]
[Date "2014.11.22"]
[Round "7.10"]
[White "Gil Lopez, Alejandro"]
[Black "Fernandez Gonzalez, Francisco I"]
[Result "1-0"]
[WhiteElo "1522"]
[BlackElo "1338"]
[PlyCount "87"]
[EventDate "2014.09.27"]
[EventType "swiss"]
[EventRounds "7"]
[EventCountry "ESP"]

1. e4 c5 2. Nf3 d6 3. Bc4 Nf6 4. Nc3 g6 5. d4 cxd4 6. Nxd4 Nc6 7. Bb5 Bd7 8.
Nxc6 Bxc6 9. Bxc6+ bxc6 10. Qf3 Bg7 11. e5 dxe5 12. Qxc6+ Nd7 13. Be3 Qc8 14.
Qxc8+ Rxc8 15. Bxa7 O-O 16. Be3 f5 17. O-O-O Nb8 18. Nd5 Rfe8 19. Bg5 Nc6 20.
Rhe1 Kf7 21. f3 e6 22. Nb6 Rc7 23. Rd7+ Rxd7 24. Nxd7 h6 25. Bd2 Rc8 26. Bc3 g5
27. Nxe5+ Nxe5 28. Bxe5 Bf8 29. Bc3 Rd8 30. Rd1 Ra8 31. a3 Bc5 32. Rd7+ Kg6 33.
g4 Rg8 34. b4 Be3+ 35. Kb2 Bf4 36. h3 e5 37. Rd6+ Kh7 38. gxf5 Rf8 39. f6 Kg6
40. Re6 Kf5 41. Ra6 e4 42. Ra5+ Kg6 43. fxe4 Bc7 44. Bd2 1-0

[Event "Cto. FACV Ind. Segunda Xeraco 2014"]
[Site "Xeraco ESP"]
[Date "2014.10.04"]
[Round "2.4"]
[White "Juan Clavier, Ruben"]
[Black "Ferri Guerrero, Gabriel"]
[Result "0-1"]
[WhiteElo "1735"]
[BlackElo "1589"]
[PlyCount "104"]
[EventDate "2014.09.27"]
[EventType "swiss"]
[EventRounds "7"]
[EventCountry "ESP"]
[Source "lmi"]
[SourceDate "2014.09.27"]

1. e4 e6 2. d4 d5 3. Nd2 Nf6 4. e5 Nfd7 5. Bd3 c5 6. c3 Nc6 7. Ne2 Be7 8. f4
Bh4+ 9. g3 Be7 10. O-O O-O 11. Rf2 f6 12. Nf3 fxe5 13. fxe5 cxd4 14. cxd4 Rf7
15. Qf1 Qf8 16. Qh3 h6 17. Nf4 Qd8 18. Nxe6 Ndxe5 19. Nxe5 Rxf2 20. Kxf2 Nxd4
21. Bxh6 Bxe6 22. Qh5 Qf8+ 23. Kg2 gxh6 24. Qg6+ Qg7 25. Rc1 Qxg6 26. Nxg6 Bd6
27. Rd1 Nc6 28. a3 Kg7 29. Rf1 Ne5 30. Nxe5 Bxe5 31. Re1 Kf6 32. Rf1+ Ke7 33.
Re1 Kd6 34. Re2 Rf8 35. Rd2 Bd7 36. Bc4 Be6 37. Bd3 a6 38. Be4 Rc8 39. Bf3 Rc7
40. Kf2 Rf7 41. Kg2 Rc7 42. Bd1 Bf5 43. Bf3 d4 44. g4 Bg6 45. h4 b6 46. Be2 b5
47. Bd1 Kd5 48. Bb3+ Kd6 49. Rf2 Be4+ 50. Kh3 Rc1 51. g5 hxg5 52. hxg5 Bg6 0-1

[Event "Cto. FACV Ind. Segunda Xeraco 2014"]
[Site "Xeraco ESP"]
[Date "2014.10.18"]
[Round "3.3"]
[White "Ferri Guerrero, Gabriel"]
[Black "Cortes Costa, Josep Pascual"]
[Result "1-0"]
[WhiteElo "1589"]
[BlackElo "1460"]
[PlyCount "71"]
[EventDate "2014.09.27"]
[EventType "swiss"]
[EventRounds "7"]
[EventCountry "ESP"]
[Source "lmi"]
[SourceDate "2014.09.27"]

1. e4 d6 2. d4 g6 3. Nf3 Bg7 4. Nc3 Nf6 5. Be2 O-O 6. O-O Nbd7 7. Be3 e5 8.
dxe5 dxe5 9. h3 Nh5 10. Qd2 Nf4 11. Bc4 Qe7 12. Bxf4 exf4 13. Nd5 Qc5 14. Bb3
Ne5 15. Nxe5 Bxe5 16. c3 Rd8 17. Qe2 Be6 18. Rad1 h5 19. Qf3 c6 20. Nxf4 Rxd1
21. Rxd1 Bxb3 22. axb3 Qe7 23. Nd3 Rd8 24. Nxe5 Rxd1+ 25. Qxd1 Qxe5 26. Qe2 Qb5
27. Qxb5 cxb5 28. f4 h4 29. Kf2 f6 30. Kf3 g5 31. fxg5 Kg7 32. Kg4 Kg6 33. gxf6
Kxf6 34. Kxh4 Ke5 35. g4 Kxe4 36. g5 1-0

[Event "Cto. FACV Ind. Segunda Xeraco 2014"]
[Site "Xeraco ESP"]
[Date "2014.10.18"]
[Round "3.7"]
[White "Molla Martinez, Teresa"]
[Black "Juan Clavier, Ruben"]
[Result "0-1"]
[WhiteElo "1150"]
[BlackElo "1735"]
[PlyCount "36"]
[EventDate "2014.09.27"]
[EventType "swiss"]
[EventRounds "7"]
[EventCountry "ESP"]
[Source "lmi"]
[SourceDate "2014.09.27"]

1. d4 d5 2. c4 c6 3. Nc3 Bf5 4. Nf3 Nf6 5. e3 e6 6. Bd3 Ne4 7. Qc2 Bb4 8. O-O
Nd6 9. e4 dxc4 10. exf5 cxd3 11. Qxd3 Nxf5 12. Re1 O-O 13. Bf4 Nd7 14. a3 Be7
15. b4 Nf6 16. Rac1 a5 17. Na2 Nd5 18. Qc4 Nxf4 0-1

[Event "Cto. FACV Ind. Segunda Xeraco 2014"]
[Site "Xeraco ESP"]
[Date "2014.10.25"]
[Round "4.1"]
[White "Gonzalez Escortell, Adria"]
[Black "Ferri Guerrero, Gabriel"]
[Result "0-1"]
[WhiteElo "1558"]
[BlackElo "1589"]
[PlyCount "62"]
[EventDate "2014.09.27"]
[EventType "swiss"]
[EventRounds "7"]
[EventCountry "ESP"]
[Source "lmi"]
[SourceDate "2014.09.27"]

1. d4 Nf6 2. c4 c5 3. Nc3 cxd4 4. Qxd4 Nc6 5. Qd1 g6 6. Nf3 Bg7 7. e4 O-O 8.
Be2 d6 9. O-O a6 10. a3 Be6 11. Rb1 Qc7 12. Nd5 Qd8 13. Ng5 Bd7 14. Be3 Nxd5
15. cxd5 Na7 16. Qb3 b5 17. Rfc1 Nc8 18. Rc2 Nb6 19. Rbc1 h6 20. Nf3 Rc8 21.
Bxb6 Qxb6 22. a4 Rxc2 23. Rxc2 Rb8 24. axb5 Bxb5 25. Ne1 Bxe2 26. Rc8+ Kh7 27.
Rxb8 Qd4 28. Rb4 Qd2 29. h4 Qxe1+ 30. Kh2 Be5+ 31. Kh3 Qh1# 0-1

[Event "Cto. FACV Ind. Segunda Xeraco 2014"]
[Site "Xeraco ESP"]
[Date "2014.10.25"]
[Round "4.5"]
[White "Juan Clavier, Ruben"]
[Black "Ruiz Piera, Victor"]
[Result "1-0"]
[WhiteElo "1735"]
[BlackElo "1330"]
[PlyCount "59"]
[EventDate "2014.09.27"]
[EventType "swiss"]
[EventRounds "7"]
[EventCountry "ESP"]
[Source "lmi"]
[SourceDate "2014.09.27"]

1. e4 e5 2. Nf3 Nc6 3. Bb5 d6 4. c3 Bd7 5. d4 a6 6. Ba4 Nf6 7. O-O Nxe4 8. dxe5
Nxe5 9. Re1 Nf6 10. Rxe5+ dxe5 11. Nxe5 Bd6 12. Nxd7 Nxd7 13. Qg4 g6 14. Bh6 b5
15. Bb3 f5 16. Qd4 Qf6 17. Qd5 Nb6 18. Qc6+ Kd8 19. Bf4 g5 20. Bxd6 Qxd6 21.
Qf3 Qf4 22. Qd3+ Ke7 23. Nd2 Rad8 24. Qe2+ Kf6 25. Qe6+ Kg7 26. Qf7+ Kh6 27.
Qf6+ Kh5 28. Bf7+ Kg4 29. h3+ Kh4 30. Qh6# 1-0

[Event "Cto. FACV Ind. Segunda Xeraco 2014"]
[Site "Xeraco ESP"]
[Date "2014.11.15"]
[Round "6.4"]
[White "Juan Clavier, Ruben"]
[Black "Garcia Soler, Juan"]
[Result "1-0"]
[WhiteElo "1735"]
[BlackElo "1344"]
[PlyCount "55"]
[EventDate "2014.09.27"]
[EventType "swiss"]
[EventRounds "7"]
[EventCountry "ESP"]

1. e4 c6 2. d4 d5 3. e5 Bf5 4. Nf3 e6 5. Nc3 h6 6. Ne2 Ne7 7. Ng3 Bg6 8. Nh4
Bh7 9. Qg4 Bxc2 10. Nh5 Ng6 11. g3 Be7 12. Nxg7+ Kf8 13. Nxe6+ fxe6 14. Nxg6+
Bxg6 15. Qxg6 Bb4+ 16. Kd1 Qd7 17. Bxh6+ Rxh6 18. Qxh6+ Ke8 19. Bh3 Ke7 20.
Qf6+ Ke8 21. Bxe6 Qe7 22. Qh8+ Qf8 23. Qh5+ Kd8 24. f4 Na6 25. a3 Ba5 26. b4
Bb6 27. f5 Bxd4 28. Qh4+ 1-0

[Event "Cto. FACV Ind. Segunda Xeraco 2014"]
[Site "Xeraco ESP"]
[Date "2014.11.15"]
[Round "6.7"]
[White "Molla Martinez, Teresa"]
[Black "Cortes Costa, Josep Pascual"]
[Result "0-1"]
[WhiteElo "1150"]
[BlackElo "1460"]
[PlyCount "58"]
[EventDate "2014.09.27"]
[EventType "swiss"]
[EventRounds "7"]
[EventCountry "ESP"]

1. d4 d6 2. c4 g6 3. Nf3 Bg7 4. Nc3 Nf6 5. Bf4 O-O 6. e3 Nh5 7. Bg3 Nxg3 8.
fxg3 e5 9. dxe5 dxe5 10. e4 Na6 11. Be2 Nc5 12. O-O Be6 13. Rc1 Qe7 14. Qc2 Na6
15. a3 Bxc4 16. Bxc4 Qc5+ 17. Kh1 Qxc4 18. Nd2 Qc6 19. Nd5 Qd6 20. Rfd1 c6 21.
Nc4 Qe6 22. Nde3 Bh6 23. Qc3 Nc5 24. Nd6 Rad8 25. Qxc5 Bxe3 26. Qxe3 Rxd6 27.
Qxa7 Rxd1+ 28. Rxd1 Qb3 29. Qf2 Qxd1+ 0-1

[Event "Cto. FACV Ind. Segunda Xeraco 2014"]
[Site "Xeraco ESP"]
[Date "2014.11.22"]
[Round "7.1"]
[White "Juan Clavier, Ruben"]
[Black "Gonzalez Escortell, Adria"]
[Result "0-1"]
[WhiteElo "1735"]
[BlackElo "1558"]
[PlyCount "56"]
[EventDate "2014.09.27"]
[EventType "swiss"]
[EventRounds "7"]
[EventCountry "ESP"]

1. e4 e5 2. Nf3 Nc6 3. Bb5 a6 4. Ba4 Nf6 5. O-O b5 6. Bb3 Bc5 7. c3 d6 8. h3
Bb7 9. d4 Bb6 10. Bg5 O-O 11. Re1 Re8 12. d5 Nb8 13. a4 Nbd7 14. Nbd2 Nf8 15.
Nf1 h6 16. Be3 Ng6 17. Ng3 Bxe3 18. Rxe3 Nf4 19. Qf1 Qd7 20. Nf5 g6 21. Nxh6+
Kg7 22. Ng4 Nxg4 23. hxg4 Rh8 24. g5 Rh5 25. g3 Rah8 26. Nh4 Qg4 27. Bd1 Rxh4
28. Qg2 Rh1+ 0-1